All 50k U.S. Cities on a Map by Letter - I - Statistics

General Stats
  • This quiz has been taken 3,040 times
  • The average score is 6 of 8
Answers on the Map
Answers color-coded by a green-red scale on the quiz's map according to % correct below.
 
Answer Stats
City State Population % Correct
Indianapolis IN 879,293
100%
Irvine CA 314,621
78%
Iowa City IA 75,678
76%
Idaho Falls ID 68,001
75%
Irving TX 254,373
74%
Independence MO 120,922
61%
Inglewood CA 102,865
49%
Indio CA 93,057
44%
No matching quizzes found
Score Distribution
Percent of People with Each Score
Percentile by Number Answered
Your Score History
You have not taken this quiz